00481nam a2200193 a 450000100060000000300090000600800410001502000150005604000280007108200190009910000230011824500110014126000370015230000100018949000230019965000210022265000140024365000300025719798CO-ViMGA141112s2004 ck r 000 u spa d a8434222175 aCO-ViMGAbspacCO-ViMGA04a738.142 CH181m1 aChavarria, Joaquim10aMoldes aBarcelona : bParramón, c1998 a64 p. aAula de cerámica14aCLASES DE MOLDES14aESCULTURA14aMOLDES DE YESO - TECNICAS